Регионална библиотека "Любен Каравелов" - Русе

Svilen Simeonov - clarinet [CD аудио] (Запис номер 221629)

MARC детайли
000 -Лидер
Контролно поле с фиксирана дължина 01983njm a2200469 c 4500
003 - Код на организацията, давaща контролен номер
Контролно поле BLK
005 - Дата и час на последна редакция
Контролно поле 20241005005452.0
008 - Елементи от данни с фиксирана дължина
fixed length control field 180410b bul||n||s|||||||| n|bulo|
010 ## - Наследен системен номер
LC control number CDD00003979000
040 ## - Източник на каталожния запис
Идентификатор на билиотеката - собственик на записа BLK
041 ## - Код за език
Код за езика на текст/звукозапис или на отделно заглавие Английски
Код за езика КДБФ Английски
080 ## - УДК
Текстов определител УДК Концерт за кларинет и оркестър
УДК код - определител по УДК 785.6:788.6
УДК определител
УДК - код + определител 785.6:788.6
080 ## - УДК
Текстов определител УДК Квинтет от струнни и духови инструменти
УДК код - определител по УДК 785.75:787.1/.4:788
УДК определител
УДК - код + определител 785.75:787.1/.4:788
100 ## - Редна дума - Автор
Автор Mozart, Wolfgang Amadeus
Дати, свързани с автора 1756 - 1791
R(LIN) 386874
139 ## - Редно поле
Редна дума Svilen Simeonov - clarinet
Авторски знак Sv - S 96
245 10 - Сведения за заглавието
Заглавие Svilen Simeonov - clarinet [CD аудио]
Редно поле (дума) Wolfgang Amadeus Mozart; * Волфганг Амадеус Моцарт; кларинет Svilen Simeonov; изп. Amadeus Orchestra Sofia; диригент Choi Yong-Ho; * Свилен Симеонов.
257 ## - Страна на издаване
Страна на създаване/издаване България
260 ## - Област на издателските данни
-- Sofia
Име на издателя, разпространителя и проч. Gega New
Година на издаване 1999
300 ## - Физическа характеристика
Страници 12 cm. Stereo
306 ## - Продължителност на изпълнението
Времетраене 62мин. 4сек.
380 ## - Жанр
Жанр Изкуство
505 ## - Форматирана забележка
Подзаглавни данни K622
Заглавие Concerto for Clarinet and Orchestra in A major
505 ## - Форматирана забележка
Подзаглавни данни K581
Заглавие Quintet for Clarinet and Strings in A major
590 ## - Забележки на библиотеката, притежаваща документа (RLIN)
Служебно S.N: 104581 от КНИГИ
650 #4 - Допълнително описание по предмет – тема
Основно описание – тема или топоним Кларинет - концерти, концертини
9 (RLIN) 353187
650 #4 - Допълнително описание по предмет – тема
Основно описание – тема или топоним Квинтети - струнни и духови инструменти
9 (RLIN) 354574
653 ## - Ключова дума – ненормативна
Ключова дума кларинети
653 ## - Ключова дума – ненормативна
Ключова дума квинтети
653 ## - Ключова дума – ненормативна
Ключова дума концерти
653 ## - Ключова дума – ненормативна
Ключова дума струнни оркестри
700 ## - Други автори (авторска отговорност)
Лично име Моцарт, Волфганг Амадеус
Дати, свързани с автора 1756 - 1791
9 (RLIN) 368558
700 1# - Други автори (авторска отговорност)
Лично име Simeonov, Svilen
Автороска отговорност (Описва отношението между автора и произведението) кларинет
9 (RLIN) 354571
700 1# - Други автори (авторска отговорност)
Лично име Amadeus Orchestra Sofia
Автороска отговорност (Описва отношението между автора и произведението) изп.
9 (RLIN) 354572
700 1# - Други автори (авторска отговорност)
Лично име Choi Yong-Ho
Автороска отговорност (Описва отношението между автора и произведението) диригент
9 (RLIN) 7201
700 1# - Други автори (авторска отговорност)
Лично име Симеонов, Свилен
Автороска отговорност (Описва отношението между автора и произведението) *
9 (RLIN) 354573
852 ## - Местоположение
Форматна сигнатура Цб CD 481
Част 2
856 4# - Електронен адрес и достъп
Електронен формат pdf - файл
Път до файла /url/
856 4# - Електронен адрес и достъп
Електронен формат pdf - файл
Път до файла /url/
942 ## - АРТИКУЛИ
Вид на библиотечния материал Компактдискове
Скрит в OPAC Не
944 ## - СЪЗДАВАНЕ И РЕДАКЦИЯ на ЗАПИСА
Създаване/Редакция Създаване
Дата на регистрацията/редакция 01.01.1999
Служител, извършил регистрацията/редакцията
Статус, дата на статуса CRON CRON
944 ## - СЪЗДАВАНЕ И РЕДАКЦИЯ на ЗАПИСА
Създаване/Редакция Редакция
Дата на регистрацията/редакция 15.01.2003
Служител, извършил регистрацията/редакцията
999 ## - СИСТЕМНИ КОНТРОЛНИ НОМЕРА
Koha biblionumber 221629
Koha biblioitemnumber 221629
Наличности
Код за отписване Код за изгубен артикул Източник на класификационната схема Код за повреда Коз за рестрикции Код за отдаване Артикулен № Име на библиотеката - собственик Име на библиотеката, в която се намира в момента Статус (Текущо местоположение) Дата на вписване в системата Местоположение - отдел Цена в лева Инвентарен номер Систематично азбучна сигнатура Баркод Номер на екземпляра Цена в евро Служебна бележка Служебен тип на артикула
  Не е изгубен Universal Decimal Classification Не е повреден без рестрикции заемане за дома 393534 Регионална библиотека "Любен Каравелов" Русе Регионална библиотека "Любен Каравелов" Русе Отдел Изкуство - подръчен фонд 2002-12-11 Отдел Изкуство - подръчен фонд 8.90 250000000566 785/S 96 250000000566 1 4.55 Дост: Pk Вид: Ф N: 4823 Дата: 05.12.2002 Компактдискове
Vip Innovations Ltd, Rousse, Bulgaria 2025